000 00347pab a2200145 454500
008 180718b2001 xxu||||| |||| 00| 0 eng d
100 _aSahay, B.S.
245 _aSupply chains in India: can we organise them better?
260 _c2001
300 _ap.15-22
362 _aJul - Dec
650 _aManagement
773 _aVision
909 _a51060
999 _c51060
_d51060